| 000 | 01192nam0a2200301 4500 | ||
|---|---|---|---|
| 001 | RU\NLR\BIBL_A\022292608 | ||
| 005 | 20250806203040.0 | ||
| 035 | _a(NLR Aleph) 022292608 | ||
| 090 |
_a76620 _c76620 |
||
| 100 | _a20240807d1944 m y0rusy50 ca | ||
| 101 | 0 | _abua | |
| 102 | _aRU | ||
| 105 | _ay z 000 y | ||
| 181 | 0 |
_ai _baxxe |
|
| 182 | 0 | _an | |
| 200 | 1 |
_aСоветскэ союзай эсэгэ ороноо хамгаалгын дайнай гурбан жэл _eсэрэгэй ба политическэ дүнгүүд _fотв. по вып.: Р. Бимбаев |
|
| 203 |
_aТекст _bвизуальный _cнепосредственный |
||
| 210 |
_aУлан-Удэ _cБурмонгиз _d1944 |
||
| 215 |
_a15 с. _d13 |
||
| 300 | _aкнига описана по обложке | ||
| 541 | 1 |
_aТри года Отечественной войны Советского союза _eвоенные и политические итоги _zrus |
|
| 686 | 1 | _aТ3 | |
| 702 | 1 |
_aБимбаев _bР. _4220 |
|
| 852 |
_aNLR _bОНЛ _jБур./1-109 |
||
| 942 | _cBOOK | ||
| 945 | _aРоссийская национальная библиотека | ||
| 980 | _aBV | ||